000 00273nam a2200109Ia 4500
008 230907s9999||||xx |||||||||||||| ||und||
082 _a621.3822
_bNAH
100 _aNahvi, Mahmood.
_9103708
245 0 _aSignals and systems /
300 _axxiii, 1144 pages :
942 _cBK
999 _c598626
_d598626